| 000 | 00632nam a2200205 a 4500 | ||
|---|---|---|---|
| 001 | 000023858 | ||
| 005 | 20200930022524.0 | ||
| 008 | 110114s1974 sp r 000 d spa d | ||
| 020 | _a8430305149 | ||
| 040 |
_aDO-SdBNP _bspa _cBNPHU |
||
| 082 |
_a839.8226 _bI14c |
||
| 100 | 1 |
_aIbsen, Enrique. _949081 |
|
| 245 | 1 | 0 |
_aCasa de muñeca : _bdrama en tres actos / _cEnrique Ibsen. |
| 260 |
_aBarcelona : _bEditorial Ramón Sopena, _c1974. |
||
| 300 |
_a174, [12] p. ; _c17 cm. |
||
| 490 | 1 |
_aBiblioteca Sopena. _v514 |
|
| 650 | 4 |
_aTeatro noruego _949082 |
|
| 650 | 4 |
_aLiteratura noruega _949083 |
|
| 830 | 0 |
_aBiblioteca Sopena _v514 _912815 |
|
| 999 |
_c23354 _d23354 |
||